1661 1061 1842 1883 1779 1543 1178 1050 1852 2000 1918 1855 1262 1138 1011 1172 1731 1446 1501 1590 1716 1668 1594 1249 1920 1562 1066 1462 1961 1393 1277 1644 1799 1579 1419 1580 1301 1028 1968 1341 1526 1723 1320 1923 1785 1252 1881 1068 1987 1980 1817 1540 1808 1013 1847 1662 1258 1967 1569 1860 1205 1414 1008 1765 1131 1401 1304 1066 1510 1887 1435 1731 1932 1273 1588 1854 1245 1879 1752 1249 1388 1833 1592 1804 1980 1459 1237 1109 1889 1671 1516 1269 1794 1015 1793 1429 1915 1873 1160 BCNSPRNW ULIB Ver.6.0+V

เปลี่ยนเป็นภาษาไทย

Change to English
 แสดงรายละเอียดบรรณานุกรม
  กลับหน้าหลัก

Brief Record : Get Marc (ISO 2709) : E-mail record : QR code < ปิดหน้าต่าง
LEADER : 00000nam 2200000uu 4500
001    13399121718
003     ULIB
008    121130s||||||||th 000 0 tha d
020    ^a9789749665459
060 04 ^aWD210^bล111 2549
100 0  ^aบุบผา กิตติกุล
245 10 ^aลดน้ำหนัก/^cบุบผา กิตติกุล
250    ^aพิมพ์ครั้งที่ 2
260    ^aกรุงเทพฯ :^bแสงแดด,^c2549
300    ^a227 หน้า :^bภาพประกอบ
650  7 ^aการลดความอ้วน
945    ^p185^l0^i14503
995    ^aกัณชพร
999 ^a ใช้งานได้ทุกระบบ
รายการนี้ยังไม่มีแท็ก
คุณยังไม่ได้ล็อกอิน คุณสามารถมีกิจกรรมร่วมกับเว็บไซต์ได้ แต่ต้องล็อกอินก่อน ::
  ล็อกอิน

รายการสื่อสารสนเทศ

ลำดับที่ ประเภท เลขเรียก/บาร์โค้ด สถานที่ สถานะ
- ไม่พบข้อมูล -

รายการใกล้เคียง
    หัวเรื่อง [การลดความอ้วน]

BibComment


ยังไม่เคยถูกคอมเมนท์

คอมเมนท์ทรัพยากรรายการนี้
  คอมเมนท์: ลดน้ำหนัก บุบผา ..


 Copyright 2026. Bcnsprnw @Library